000 00654nam a22001937a 4500
005 2010080606536.0
010 _aENG-98630
020 _a9788188038855
_c50.00
035 _aEN-82162
037 _bDBAD/PUB
082 _a881
100 _aSDB, Matthew Adukanil
_97645
245 _aColours of life :
_binspirational poems /
_cby Matthew Adukanil SDB
260 _aChennai
_bArumbu Publications
_c2008
270 _a49, Taylors Road, Kilpauk
_bChennai
_e600010
300 _aviii,72p.
_c21cm (pbk)
942 _2ddc
_cEN
_h881
_mSDB
999 _c39727
_d39727